Statistics for Beast Quest #4: The Amulet of Avantia

Click here to take the quiz!

General Stats

  • This quiz has been taken 9 times
  • The average score is 4 of 6

Answer Stats

Answer% Correct
Blaze the Ice-Dragon
86%
Rashouk the Cave Troll
86%
Luna the Moon Wolf
71%
Stealth the Ghost Panther
71%
Equinus the Spirit Horse
57%
Nixa the Death-Bringer
57%

Score Distribution

Percentile by Number Answered

Percent of People with Each Score

Your Score History

You have not taken this quiz